Normal view
MARC view
- Mardan, Swet
Entry Personal Name
001 - CONTROL NUMBER
- control field: 18907
003 - CONTROL NUMBER IDENTIFIER
- control field: NUST
005 - DATE AND TIME OF LATEST TRANSACTION
- control field: 20190731052659.0
008 - FIXED-LENGTH DATA ELEMENTS
- fixed length control field: 190731|| aca||aabn | a|a d
040 ## - CATALOGING SOURCE
- Original cataloging agency: NUST
- Transcribing agency: NUST
100 ## - HEADING--PERSONAL NAME
- Personal name: Mardan, Swet
670 ## - SOURCE DATA FOUND
- Source citation: Work cat.: (NUST): Mardan, Swet, Jo Chaho So Pao /, 2001.
